Tous les Pokemon de type Insecte (3G) - Statistiques

Statistiques générales
  • Ce quiz a été pris 7 fois
  • Le résultat moyen est 12 sur 14
Statistiques - réponses
Indices Réponses % Correct
Insecte + Eau Arakdo
100%
Insecte Armulys
100%
Insecte Blindalys
100%
Insecte + Vol Charmillon
100%
Insecte Chenipotte
100%
Insecte + Vol Maskadra
100%
Insecte + Poison Papinox
100%
Insecte Lumivole
80%
Insecte Muciole
80%
Insecte + Roche Anorith
60%
Insecte + Roche Armaldo
60%
Insecte + Spectre Munja
60%
Insecte + Sol Ningale
60%
Insecte + Vol Ninjask
60%
Aucun quiz correspondant
Distribution des résultats
% des personnes avec chaque résultat
Percentile par nombre de réponses
Votre historique - résultats
Vous n’avez pas pris ce quiz